| 000 | 00987nam0a22002651 4500 | ||
|---|---|---|---|
| 001 | rc\1035778 | ||
| 005 | 20250622085132.0 | ||
| 035 | _a(NLR Aleph) 006198778 | ||
| 090 |
_a6244674 _c6244674 |
||
| 100 | _a20041129d1981 |||y0rusy50 ca | ||
| 101 | 0 | _arus | |
| 102 | _aRU | ||
| 105 | _aa ||||||||| | ||
| 200 | 1 |
_aЭкономическое управление созданием систем машин _fС.М. Ямпольский, С.В. Козаченко, В.В. Лобанов, А.М. Майданович |
|
| 210 |
_aКиев _cНаукова думка _d1981 |
||
| 215 |
_a235 с. _cил. _d22 |
||
| 300 | _aВ надзаг.: АН УССР, Ин-т экономики | ||
| 320 | _aБиблиогр.: с. 226-231 (156 назв.) | ||
| 320 | _aПредм. указ.: с. 232-233 | ||
| 701 | 1 |
_aЯмпольский _bС.М. _gСтефан Михайлович |
|
| 801 | 0 |
_aRU _bNLR _gpsbo |
|
| 801 | 1 |
_aRU _bELAR _2rusmarc |
|
| 852 |
_aNLR _j82-5/2328 |
||
| 942 | _cBOOK | ||
| 980 | _aNB | ||